Politológia

Gespeichert in:
Bibliographische Detailangaben
1. Verfasser: Liďák, Ján
Weitere Verfasser: Koganová, Viera
Format: Buch
Sprache:Slowakisch
Veröffentlicht: Bratislava SOFA 2004
Ausgabe:2. dopl. vyd.
Schlagworte:
Tags: Tag hinzufügen
Keine Tags, Fügen Sie das erste Tag hinzu!

MARC

LEADER 00000nam a2200000 4500
001 0019134
005 20240502071407.5
020 |a 80-89033-38-5 
041 0 |a slo 
044 |a SK 
245 1 0 |a Politológia  |c Ján Liďák, Viera Koganová 
250 |a 2. dopl. vyd. 
264 1 |a Bratislava  |b SOFA  |c 2004 
300 |a 220 s. 
610 2 0 |a politológia 
610 2 0 |a politika 
610 2 0 |a systémy politické 
610 2 0 |a voľby 
610 2 0 |a demokracia 
610 2 0 |a diktatúra 
610 2 0 |a porovnanie medzinárodné 
610 2 0 |a práva ľudské 
610 2 0 |a sloboda 
610 2 0 |a vzťahy politické medzinárodné 
610 2 0 |a organizácie medzinárodné 
610 2 0 |a orgány štátne 
100 1 |a Liďák, Ján 
700 1 |a Koganová, Viera